| 000 | 01056nam a2200289Ia 4500 | ||
|---|---|---|---|
| 001 | Para_5592 | ||
| 003 | CHAP | ||
| 008 | 220125s2001 xx 000 0 und d | ||
| 010 | _a204059 | ||
| 040 | _cCHAP | ||
| 090 | _aPA TESIS 1563 | ||
| 100 |
_aConstantino Mendoza, Ana _927366 |
||
| 245 |
_aComparación fenotípica de las variedades de jitomate silvestre y cultivada (Lycopersicon esculentum Mill.) en el patosistema de Chapingo, Méx. / _c por Ana Constantino Mendoza |
||
| 260 |
_aChapingo, Méx. : _b el autor |
||
| 300 | _a93 h. | ||
| 502 | _aTesis (Ing. Agr. Esp. en Parasitología Agrícola). UACh Departamento Parasitología Agrícola | ||
| 650 |
_aTomate _x variedades resistentes a enfermedades _9113778 |
||
| 650 |
_aTomate _x variedades resistentes a plagas _9113779 |
||
| 710 |
_aUACh. Departamento Parasitología Agrícola _9164025 |
||
| 901 | _aPA TESIS 1563 | ||
| 902 | _aA | ||
| 905 | _a0000002001 in 0000000000 00 | ||
| 910 | _a2001 | ||
| 942 | _cPARA | ||
| 942 |
_cPARA _d1 |
||
| 999 |
_c204059 _d204059 |
||